| 000 | 00000nam##2200000za#4500 |
| 001 | 9.604001 |
| 003 | CaOODSP |
| 005 | 20210624211344 |
| 007 | cr ||||||||||| |
| 008 | 150406|1992||||xxc|||||o f|0| 0 fre|d |
| 022 | |a1488-545X |
| 040 | |aCaOODSP|bfre |
| 043 | |an-cn--- |
| 086 | 1 |aFs97-6/1896F-PDF |
| 110 | 1 |aCanada. |bMinistère des pêches et des océans. |
| 245 | 10|aAperçu des rendements par casier et de la taille à maturité sexuelle de buccins communs du nord, Buccinum undatum, capturés le long de la cotê est du Nouveau-Brunswick, 1992 / |h[ressource électronique]|c[par] M. Lanteigne et L.A. Davidson. |
| 260 | |aMoncton - Nouveau-Brunswick : |bPêches et Océans Canada |cc1992. |
| 300 | |a37p.|bfigures, graphiques, carte, références, tableaux |
| 490 | 1 |aRapport technique canadien des sciences halieutiques et aquatiques|x1488-545X|vN° 1896 |
| 500 | |aLe n° de catalogue (Fs97-6/1896F) et l'ISSN (0706-6570) de l'édition imprimée ont été incorrectement copiés dans l'édition électronique. |
| 546 | |a(Abstract in English) |
| 590 | |a12-23-Supp|b2012-05-28 |
| 720 | 1 |aLanteigne, M. |
| 720 | 1 |aDavidson, L. A. |
| 776 | 0#|tApercu des rendements par casier et de la taille à maturité sexuelle de buccins communs du nord, Buccinum undatum, capturés le long de la côte est du Nouveau-Brunswick, 1992 / |w(CaOODSP)9.621990 |
| 830 | #0|aRapport technique canadien des sciences halieutiques et aquatiques,|x1488-545X|vN° 1896|w(CaOODSP)9.500867 |
| 856 | 40|ahttp://publications.gc.ca|qPDF|s15.09 Mo|uhttps://publications.gc.ca/collections/collection_2012/mpo-dfo/Fs97-6-1896-fra.pdf|yN° 1896 |